Lepley v Essex County Council (Record no. 68034)

MARC details
000 -LEADER
fixed length control field 01437cam a2200265 4500
001 - CONTROL NUMBER
control field ABS64346
008 - FIXED-LENGTH DATA ELEMENTS--GENERAL INFORMATION
fixed length control field 010820n2001 000 0 eng u
035 ## - SYSTEM CONTROL NUMBER
System control number (Sirsi) u114201
245 ## - TITLE STATEMENT
Title Lepley v Essex County Council
260 ## - PUBLICATION, DISTRIBUTION, ETC.
Date of publication, distribution, etc. 2001
490 ## - SERIES STATEMENT
Series statement Rating and Valuation Reporter
Volume/sequential designation [2001] RVR 147-153(7)
520 ## - SUMMARY, ETC.
Summary, etc. LT 24 October 2000. The claimant (L) sought compensation for Essex CC (E)'s compulsory purchase of the subject property which included equestrian facilities, valued at £450,000 in 1999. E valued the property at £330,000 and referred to a near-by scrapyard. Both L and E used comparables to support their valuation of the property. L used 6 including 2 which were settlements agreed with E regarding the same road scheme while E used the same 3 properties as L but disregarded the 2 settlements because they were not open market transactions. It was held that the property's open market value was £375,000; the property being very suitable for the market it was aimed at.
590 ## - LOCAL NOTE (RLIN)
Local note ABS
650 ## - SUBJECT ADDED ENTRY--TOPICAL TERM
Topical term or geographic name entry element LEPLEY V ESSEX CC
650 ## - SUBJECT ADDED ENTRY--TOPICAL TERM
Topical term or geographic name entry element EQUESTRIAN PROPERTIES
650 ## - SUBJECT ADDED ENTRY--TOPICAL TERM
Topical term or geographic name entry element Compulsory purchase
9 (RLIN) 6228
650 ## - SUBJECT ADDED ENTRY--TOPICAL TERM
Topical term or geographic name entry element COMPENSATION
650 ## - SUBJECT ADDED ENTRY--TOPICAL TERM
Topical term or geographic name entry element Valuation
9 (RLIN) 6273
650 ## - SUBJECT ADDED ENTRY--TOPICAL TERM
Topical term or geographic name entry element EVIDENCE OF VALUE
650 ## - SUBJECT ADDED ENTRY--TOPICAL TERM
Topical term or geographic name entry element COMPARABLES
650 ## - SUBJECT ADDED ENTRY--TOPICAL TERM
Topical term or geographic name entry element SETTLEMENTS
650 ## - SUBJECT ADDED ENTRY--TOPICAL TERM
Topical term or geographic name entry element OPEN MARKET VALUE
690 ## - LOCAL SUBJECT ADDED ENTRY--TOPICAL TERM (OCLC, RLIN)
Topical term or geographic name as entry element ENVIRONMENTAL AND LAND CONSULTANCY-PLANNING AND DEVELOPMENT-COMPULSORY PURCHASE AND COMPENSATION
942 ## - ADDED ENTRY ELEMENTS (KOHA)
Suppress in OPAC 0
Holdings
Withdrawn status Lost status Source of classification or shelving scheme Damaged status Not for loan Home library Current library Shelving location Date acquired Total Checkouts Full call number Barcode Date last seen Copy number Price effective from Koha item type
    Dewey Decimal Classification     London London Journal article 20/08/2001   ABS64346 114201-1001 06/08/2019 1 06/08/2019 Journal article